000 00488nam a2200181Ia 4500
001 21360
005 20260306172913.0
008 260306t2013||||xx |||||||||||||| ||spa||
041 _aESP
082 _a344.528J
_bN514
100 _aEsquivel Oviedo, Juan Carlos (ed./dir.)
_eAUT
245 0 _aLos delitos contra la administración pública en la jurisprudencia
260 _c2013
300 _a573 páginas :
_c25 cm.
650 _aGEN
654 _aCDE
942 _cLIB
_dJUS
_fJUS
_2ddc
_n
999 _c21360
_d21360